MDQL
is popping MORE tags! Check the
thread
!
Quizzes
Events
Quiz Creation
Community
Videos
Private Events
Remove Ads
Sign In
Join for FREE
Feedback
Dark Mode
Quiz Categories
Sports
Geography
Music
Movies
Television
Just For Fun
Miscellaneous
History
Literature
Language
Science
Gaming
Entertainment
Religion
Holiday
For Kids
Quiz Lab
Recent
Popular Today
Quiz Kudos Today
Editor Picks
Curator Picks
Quizzes by...
Day
Popularity
Type
Ratings
Length
Year
Community
Subscriptions
Recent Discussions
Orange Saloon
Badges
Playlists
Quests
Create
Leaderboards
Showdown
Live 5
Trivia Bingo
Activity
Puzzle Library
Sporcle Events
Private Events
Virtual Trivia
Globe League
Become a Host
Pub Owners
SporcleCon
Opinionation
Our Games
Videos
Blog
Mobile Apps
Partnerships
Remove Ads and Go Orange
Feedback
History
US Presidents
World Leaders
Politics
Nation
Discovery
War
Decade
Year
Century
Biography
Art
History
US Presidents
World Leaders
Politics
Nation
Discovery
War
Decade
Year
Century
Biography
Art
Random Quiz
Search Sporcle
×
Quiz Lab
Quiz Lab
History
Country
Type in answers that appear in a list
Type in answers that appear in a list
Classic
Best Score? Go Orange.
Ancient Galley Terms Stats
Can you name these Ancient Galley terms?
By
MidshipmanMorris
5m
15 Questions
31 Plays
31 Plays
31 Plays
Comments
Comments
Give Quiz Kudos
Give Quiz Kudos
-
- Ratings
hide this ad
Replay
Link that replays current quiz
Next Quiz
Link to next quiz in quiz playlist
You Got
0%
They Got
Avg Score
43%
Avg Friend Score
Upgrade to see
Score Distribution
Jump to the score distribution portion of the page
Score
0/15
Timer
05:00
0
Plays Today
Hint
Term
% Correct
Ship with 3 rows of rowers (180 feet long)
τριήρης (Trireme)
80%
Weapon that flung projectiles at the enemy
Catapult
73.3%
Wooden implements used to propel ship
Standard Length Oar
70%
Ship with 2 rows of rowers (80 feet long)
Bireme
66.7%
Part of ship used to run into enemy ships
Ram
56.7%
Individual in charge of the galley
Trierarch (captain)
56.7%
Weapon that launched projectiles at enemy
Ballista
53.3%
Sea where galleys ruled the waters
Mediterranean Sea
53.3%
Hint
Term
% Correct
Amphibious soldiers stationed on board
Epibatai (Marines)
50%
Weapon that fired projectiles at the enemy
Cannon
43.3%
Rowers on the middle deck
Zygites
3.3%
Rowers on the top deck
Thranites
3.3%
Rowers on the bottom deck
Thalamites
3.3%
Type of galley used by merchants
Round ships
3.3%
Type of galley used by military
Long ships
3.3%
Quiz Playlist
Details
Report
Send in Message
Add To Playlist
Classic:
Type in answers that appear in a list
Last Updated: Feb 16, 2017
Quiz Scoreboard
CHALLENGE
Sign Up to Join the Scoreboard
Show All
Scores
Hide
Comments
May contain spoilers
Recently Published
5x2 Blitz: Bands
by SL_Kpop136
Music
30s
Colored Red Africa Blitz
by spor1
Geography
30s
Find the 'City' Movie
by crazypaving
Movies
60s
More to Explore
Quiz From the Vault
Featured Blog Post
14 Easter Pick-up Lines to Find Eggs With
hide this ad
You Might Also Like...
Tags
Country Quiz
Ancient Greece
Ancient History
Ancient Rome
Greece
Mediterranean
Navy
Phoenician
ship
Today's Top Quizzes in History
Browse History
hide this ad
Today's Top Quizzes in Country
Browse Country
Top Contributed Quizzes in History
1
Popular People in 1991
2
US National Parks Named After People
3
Order Up: 1000 Years of World Events I
4
Popular People in 1981
5
Popular People in 1951
6
Popular People in 1941
7
Popular People in 1986
8
Popular People in 1921
9
Popular People in 1976
10
Magic 10 Blitz: U.S. Presidents
Explore More
Trending Topics
Crossword
NBA
Disney
Kpop
Anime
Harry Potter
Marvel
Puzzle
WWE
Pokémon
Soccer
NFL
Country
The Office
Song
hide this ad
More By:
MidshipmanMorris
Quiz
Plays
Rating
Category
Featured
Created
US Navy Ship Types
931
4.40
Just For Fun
Sep 13, 2014
Mesopotamian Minesweeper
442
2.50
History
Sep 18, 2014
iPhone Bunker
47
5.00
Just For Fun
Sep 19, 2014
Ancient Galley Terms
31
4.50
History
Sep 19, 2014
Go to Creator's Profile
Score Distribution
Quiz Creator Spotlight
MidshipmanMorris
Follow
Send a Message
Quizzes Created
-
Created Quiz Play Count
-
More By This Creator
Popular Quizzes Today
1
Find the 'City' Movie
2
Colored Red Africa Blitz
3
Find the US States - No Outlines Minefield
4
5x2 Blitz: Bands
5
The Countries of the World
6
Find the US States
7
US States
8
9x9 Crossword: Cartoon Network
More History Quizzes
On This Day: March 18th II
Published
Trending Quizzes
Colored Red Europe Blitz I
Colored Red Africa Blitz II
Colored Red Europe Blitz II
Colored Red Europe Blitz III
Colored Red Africa Blitz III
Recently Updated
Famous TV Couples
Peacemaker
Champions League XIs: Real Madrid
pecheneg
Largest US Cities 1790-2010
pecheneg
Rides in Walt Disney World
pecheneg
Most Oscar Losses (Acting)
pecheneg
Beyoncé Albums
pecheneg
Leaping Animals
pecheneg
Reality TV Shows (A-Z)
bhenderson79
Rickey Henderson's Hall of Fame Teammates
pecheneg
Champions League XIs: Arsenal
pecheneg
Trending Topics
Crossword
Kpop
Marvel
NBA
Anime
Harry Potter
Disney
Song
Soccer
NFL
The Office
Puzzle
Pokémon
Country
WWE
Your Account Isn't Verified!
In order to create a playlist on Sporcle, you need to verify the email address you used during registration. Go to your
Sporcle Settings
to finish the process.
Report this User
Report this user for behavior that violates our
Community Guidelines
.
Details:
Send Report
Go to the Sporcle.com Mobile Site →
Comments